000 00961nam a22002537a 4500
999 _c64894
_d64894
005 20240530110756.0
008 190108s2017 ua g b 000 0 ara d
017 _a2016/19609
_bمصر. دار الكتب
020 _a9789777960847
040 _aEG-CaGPL
_cEG-CaGPL
082 0 4 _221
_a193/
_bف أ
100 0 _aفيصل محمد البحيرى
245 1 0 _aافكار هيجل عن القانون والدولة وانعكاساتها على الفكر الايدلوجى /
_cفيصل محمد البحيرى
250 _aط.1
260 _aالقاهرة :
_bمركز الدراسات العربية للنشر والتوزيع،
_c2017.
300 _a108 ص. ؛
_c24 سم.
504 _aيشتمل على ارجاعات ببليوجرافية
600 1 _aهيجل
650 0 7 _2qrmak
_aالفلسفة الغربية
651 _2qrmak
653 0 _aفلسفة هيجل
942 _2ddc
_cBK